Special education : (Record no. 136086)

MARC details
000 -LEADER
fixed length control field 00871nam a22002417a 4500
005 - DATE AND TIME OF LATEST TRANSACTION
control field 20170124110254.0
010 ## - LIBRARY OF CONGRESS CONTROL NUMBER
LC control number A-945532
020 ## - INTERNATIONAL STANDARD BOOK NUMBER
Terms of availability 00.00
International Standard Book Number 8173912858
035 ## - SYSTEM CONTROL NUMBER
System control number A-945532
037 ## - SOURCE OF ACQUISITION
Source of stock number/acquisition Cen Lib/Ret
040 ## - CATALOGING SOURCE
Original cataloging agency DPL
Language of cataloging EN
082 ## - DEWEY DECIMAL CLASSIFICATION NUMBER
Classification number 371.9
Item number YSS
100 ## - MAIN ENTRY--PERSONAL NAME
Personal name Ysseldyke, James E.
9 (RLIN) 101617
245 ## - TITLE STATEMENT
Title Special education :
Statement of responsibility, etc by James E Ysseldyke [and] Bob Algozzine
Remainder of title a practical approach for teachers /
260 ## - PUBLICATION, DISTRIBUTION, ETC. (IMPRINT)
Place of publication, distribution, etc New Delhi
Name of publisher, distributor, etc Kanishka Publishers
Date of publication, distribution, etc 1998
270 ## - ADDRESS
Address 4697/5-21 A, Ansari Road
City New Delhi
Postal code 110002
300 ## - PHYSICAL DESCRIPTION
Extent xxiv,523p. :
Dimensions 26cm(Hb)
Other physical details ill.
500 ## - GENERAL NOTE
General note Includes bibliographical references and index
650 ## - SUBJECT ADDED ENTRY--TOPICAL TERM
Topical term or geographic name as entry element Children with disabilities -- Education -- United States.
9 (RLIN) 101618
650 ## - SUBJECT ADDED ENTRY--TOPICAL TERM
Topical term or geographic name as entry element Special education -- United States.
9 (RLIN) 101619
700 ## - ADDED ENTRY--PERSONAL NAME
Personal name Algozzine, Bob
9 (RLIN) 101620
942 ## - ADDED ENTRY ELEMENTS (KOHA)
Source of classification or shelving scheme Dewey Decimal Classification
Koha item type English Books
Classification part 371.9
Call number suffix YSS
Holdings
Withdrawn status Lost status Damaged status Not for loan Home library Current library Date acquired Source of acquisition Cost, normal purchase price Total Checkouts Total Renewals Full call number Barcode Date last seen Date checked out Copy number Cost, replacement price Price effective from Koha item type Source of classification or shelving scheme Collection code
        Central Library Central Library 13/10/2015 Cen Lib/Ret 0.00 3 2 371.9 YSS A-945532 30/01/2019 16/01/2019 1 0.00 15/09/2016 English Books    
        Sarojini Nagar Sarojini Nagar 11/04/2019         371.9 YSS A-945534 11/04/2019       11/04/2019 English Books Dewey Decimal Classification Non-fiction

© Delhi Public Library
Hit Counter
free hit counter